It's not all bad news (Record no. 79713)

MARC details
000 -LEADER
fixed length control field 01068cab a22001935a 4500
001 - CONTROL NUMBER
control field L142046
008 - FIXED-LENGTH DATA ELEMENTS--GENERAL INFORMATION
fixed length control field 080122e20080119xxk s 000 0 eng d
035 ## - SYSTEM CONTROL NUMBER
System control number (Sirsi) u142046
041 0# - LANGUAGE CODE
Language code of text/sound track or separate title eng
100 1# - MAIN ENTRY--PERSONAL NAME
Personal name Stevens, Alex
245 00 - TITLE STATEMENT
Title It's not all bad news
260 ## - PUBLICATION, DISTRIBUTION, ETC.
Date of publication, distribution, etc. 2008
490 ## - SERIES STATEMENT
Series statement Estates Gazette
Volume/sequential designation (0802) 19 January 2008, 138-140(3)
520 ## - SUMMARY, ETC.
Summary, etc. Considers the effect of business rate liability on rents in the City and West End. The 2009-10 rating revaluation may see the rates for some offices double in value. This is belied by the Valuation Office Agency's Property Market Report which expects less dramatic increases, its figures being dampened by a lack of open market rental evidence and the widespread use of incentives such as rent-free periods. Details the mechanics of rate liabilities and revaluations. Argues that if the economy remains buoyant then the medium to long term future for office rents may not be gloomy.
590 ## - LOCAL NOTE (RLIN)
Local note KA
651 #4 - SUBJECT ADDED ENTRY--GEOGRAPHIC NAME
Geographic name London
690 ## - LOCAL SUBJECT ADDED ENTRY--TOPICAL TERM (OCLC, RLIN)
Topical term or geographic name as entry element PROPERTY-COMMERCIAL PROPERTY-COMMERCIAL PROPERTY MARKET
942 ## - ADDED ENTRY ELEMENTS (KOHA)
Suppress in OPAC 0
Holdings
Withdrawn status Lost status Source of classification or shelving scheme Damaged status Not for loan Home library Current library Shelving location Date acquired Total Checkouts Full call number Barcode Date last seen Copy number Price effective from Koha item type
    Dewey Decimal Classification     London London Journal article 22/01/2008   L142046 142046-1001 06/08/2019 1 06/08/2019 Journal article